00705nam a2200205Ia 4500003000900000008004100009020001800050040001600068080001700084100002900101245009200130260004800222300001500270650001600285650001600301650002300317942000700340999001700347952013500364IN-BaIIA211028s9999 xx 000 0 eng d a0-309-06987-4 cIIA Library a524.834bBAR aBartusiak, Marcia925750 0aEinstein's unfinished symphonyblistening to the sounds of space-timecMarcia Bartusiak aWashington, D. C.bJoseph Henry Pressc2000 axii, 249p. aLight92428 aSound94863 aSpace - time94080 cBK c14500d14500 00104070aBANbBANcGENd2002-02-19eANJ g1445.10l0o524.834/ BARp15422r2021-11-05v1445.10w2002-02-19yBKGRs. 1445.10